Transport en Ile de France - Mort Subite - Statistiques

Statistiques générales
  • Ce quiz a été pris 629 fois
  • Le résultat moyen est 5 sur 28
Answers on the Grid
Answers color-coded by a green-red scale on the quiz's grid according to % correct below.
Avenue Henri Martin
Bois-de-Boulogne
Bois-le-Roi
Bondy
Boulogne - Jean Jaurès
Boulogne - Pont de Sèvres
Cergy - Pontoise
Champagne-sur-Oise
Champagne-sur-Seine
Deuil - La Barre Ormesson
Dourdan
Drancy
Egly
Enghien-les-Bains
Garges - Sarcelles
Jean Jaurès
Juvisy - Draveil
La Borne Blanche
La Défense
La Muette
Les Ardoines
Malakoff - Humanis
Malakoff - Rue Etienne Dolet
Marolles-en-Hurepoix
Massy - Antony
Massy - Palaiseau
Massy - Verrières
Mériel
Montmorency
Noisy-le-Mouillé (rigolez svp)
Noisy-le-Sec
Notre-Dame-d'Oé
Paris - Gare de Bercy
Père Lachaise
Porte de Clichy
Porte Montmartre
Rue de Châteaudun
Saint-Ouen-l'Aumône
Saint-Pierre-des-Corps
Sucy - La Queue
Ugly
Us
Vanves - Malakoff
Versailles - Chateau - Rive Gauche
Villiers-le-Bel - Gonesse - Arnouville
 
Statistiques - réponses
Réponse % Correct
Bondy
50%
Avenue Henri Martin
38%
Boulogne - Jean Jaurès
29%
La Défense
29%
Bois-le-Roi
27%
Massy - Palaiseau
25%
Drancy
24%
Porte de Clichy
22%
Versailles - Chateau - Rive Gauche
20%
Vanves - Malakoff
18%
Dourdan
17%
Garges - Sarcelles
17%
La Muette
17%
Massy - Verrières
17%
Noisy-le-Sec
17%
Villiers-le-Bel - Gonesse - Arnouville
15%
Les Ardoines
14%
Père Lachaise
14%
Enghien-les-Bains
13%
Saint-Ouen-l'Aumône
12%
Egly
11%
Malakoff - Rue Etienne Dolet
11%
Marolles-en-Hurepoix
10%
Us
9%
Champagne-sur-Oise
8%
Champagne-sur-Seine
8%
La Borne Blanche
7%
Mériel
6%
Aucun quiz correspondant
Distribution des résultats
% des personnes avec chaque résultat
Percentile par nombre de réponses
Votre historique - résultats
Vous n’avez pas pris ce quiz